Mentes creativas: una anatomía de la creatividad

Guardat en:
Dades bibliogràfiques
Autor principal: Gardner, Howard (Autor)
Format: Llibre
Idioma:espanyol
Publicat: Barcelona Paidós 2011
Edició:1a. ed
Col·lecció:Biblioteca Howard Gardner
Matèries:
Etiquetes: Afegir etiqueta
Sense etiquetes, Sigues el primer a etiquetar aquest registre!

MARC

LEADER 00000cam a2200000 a 4500
001 UCG8617
003 CL-VaPUC
008 111223e20110000SP |||||||||||||||||spa|d
020 |a 9786077626619 
082 0 4 |a 153.35  |b GAR  |2 21 
100 |a Gardner, Howard  |e author  |9 245668 
245 1 0 |a Mentes creativas: una anatomía de la creatividad 
250 |a 1a. ed 
300 |a 554 p 
942 |c BK 
945 |d 20111223 00:00:00  |a cmena 
260 |a Barcelona  |b Paidós  |c 2011 
650 0 |a Creatividad   |9 310816 
650 0 |a Biografías  |9 255210 
650 0 |a Desarrollo individual   |9 307875 
583 |a last modification  |c 20111223 12:06:00  |k Rodrigo Vera 
490 0 |a Biblioteca Howard Gardner 
999 |c 346221  |d 346219 
952 |0 0  |1 0  |4 0  |6 153_350000000000000_GAR_2011  |7 0  |8 A  |9 446835  |a BIBARQ  |b BIBARQ  |d 2019-11-22  |i 4818520  |o 153.35 GAR 2011  |p 4818520  |r 2025-01-20  |w 2019-11-22  |y BK  |k ARQ